000
00270pam a2200121 a 4500
020
_c
041
_h
100
_a
Arthur Newhal.
245
_a
How to draw the art of calligraphy
_h
Textual Documents
250
_a
1998.
260
_a
Pune:
_b
walter foster.
930
_a
2
999
_c
233792
_d
233792